Linien der SOB #1 - Statistiken

Allgemein
  • Dieses Quiz wurde 35 mal gespielt
  • Das Durchschnittsergebnis liegt bei 69 aus 86
Antwortstatistiken
Haltestellen % Korrekt
Chur
100%
Chur
100%
Landquart
100%
Landquart
100%
Luzern
100%
Luzern
100%
Olten
100%
Olten
100%
Sargans
100%
Sargans
100%
Zürich HB
100%
Zürich HB
100%
Arth-Goldau
95%
Arth-Goldau
95%
Arth-Goldau
95%
Bern
95%
Bad Ragaz
90%
Bad Ragaz
90%
Basel SBB
90%
Buchs SG
90%
Erstfeld
90%
Erstfeld
90%
Göschenen
90%
Göschenen
90%
Locarno
90%
Locarno
90%
St. Gallen
90%
St. Gallen
90%
Thalwil
90%
Ziegelbrücke
90%
Zug
90%
Airolo
86%
Airolo
86%
Altdorf UR
86%
Altdorf UR
86%
Bellinzona
86%
Bellinzona
86%
Pfäffikon SZ
86%
Pfäffikon SZ
86%
Rapperswil SG
86%
Schwyz
86%
Schwyz
86%
Wädenswil
86%
Walenstadt
86%
Ambrì-Piotta
81%
Ambrì-Piotta
81%
Brunnen
81%
Brunnen
81%
Burgdorf
81%
Herzogenbuchsee
81%
Langenthal
81%
Maienfeld
81%
Maienfeld
81%
St. Margrethen SG
81%
Zürich Altstetten
81%
Rorschach
76%
Altstätten SG
71%
Biasca
71%
Biasca
71%
Biberbrugg
71%
Faido
71%
Faido
71%
Flüelen
71%
Flüelen
71%
Herisau
71%
Luzern Verkehrshaus
71%
Siebnen-Wangen
71%
Uznach
71%
Unterterzen
67%
Giubiasco
62%
Giubiasco
62%
Tenero
62%
Tenero
62%
Wattwil
62%
Castione-Arbedo
57%
Castione-Arbedo
57%
Heerbrugg
57%
Rothenthurm
57%
Cadenazzo
52%
Cadenazzo
52%
Küssnacht am Rigi
52%
Bodio TI
48%
Bodio TI
48%
Lavorgo
48%
Lavorgo
48%
Meggen Zentrum
48%
Keine übereinstimmenden Quizze gefunden
Verteilung der Resultate
Anzahl Personen mit jedem Resultat
Perzentil nach korrekt beantworteten Fragen
Ihre Resultats-Entwicklung
Sie haben dieses Quiz noch nicht gespielt